[Event "HUN-chT 2019-20"]
[Site "Budapest"]
[Date "2019.11.17"]
[Round "2.31"]
[White "Juhasz, Armin"]
[Black "Nayhebaver, Martin"]
[Result "0-1"]
[WhiteElo "2395"]
[BlackElo "2471"]
[Annotator "TA"]
[PlyCount "140"]
[EventDate "2019.11.16"]
[EventType "team-tourn"]
[EventCountry "HUN"]
[SourceTitle "playchess.com"]
[Source "ChessBase"]
[SourceQuality "1"]

{[%evp 19,140,-7,17,3,10,-2,4,-5,0,-5,0,-8,-18,-8,-2,-16,0,-12,-13,-42,-42,-42,-42,-43,-38,-36,-18,-43,-36,-36,-36,-41,-15,-63,0,-51,-8,-50,-53,-70,-52,-59,-37,-44,-44,-43,-37,-43,-13,-39,-39,-98,-83,-98,-100,-85,-89,-95,-95,-91,-85,-102,-103,-145,-145,-244,-244,-244,-244,-218,-137,-137,-137,-244,-244,-244,-201,-201,-199,-176,-169,-1118,-1106,-922,-837,-1516,-1728,-1555,-1577,-1737,-1359,-1461,-1426,-2096,-2026,-1803,-1773,-3151,-3770,-5369,-3871,-2135,-1539,-29984,-29979,-29983,-29984,-29984,-29985,-29985,-29986,-29987,-29988,-29988,-29989,-29989,-29985,-29985,-29986,-29986,-29987,-29987,-29988]} 1. Nf3 Nf6 2. c4 e6 3. Nc3 b6 4. g3 Bb7 5. Bg2 Be7 6. O-O O-O 7. d4 Ne4 8. Nxe4 Bxe4 9. Ne1 Bxg2 10. Nxg2 d6 11. d5 {E18: Queen's Indian: Old Main Line (4 g3 Bb7 5 Bg2 Be7 6 0-0 0-0 7 Nc3)} (11. Qa4 c5 12. Rd1 cxd4 13. Rxd4 Qc7 14. Rd1 Nd7 15. Bf4 a6 16. Rac1 Rfc8 17. Ne1 h6 18. Nd3 Qb7 19. Qb4 Nc5 20. Nxc5 dxc5 {½-½ (34) Nigalidze,G (2536)-Kryvoruchko,Y (2671) Al Ain 2014}) 11... Bf6 12. Qc2 Nd7 13. Nf4 $146 {The position is equal.} ({Predecessor:} 13. Be3 a5 14. Rad1 Qe7 15. dxe6 fxe6 16. Bd4 Bxd4 17. Rxd4 e5 {½-½ (28) Bertok,M-Ivkov,B Kraljevo 1967}) 13... Qe7 14. Bd2 e5 15. Nd3 e4 16. Nb4 Nb8 17. a3 a5 18. Na2 Nd7 19. Nc3 Bxc3 20. Bxc3 a4 21. Bd4 Rfe8 22. Rac1 Qg5 23. Qc3 Qg6 24. Rce1 f6 25. f4 Qf5 26. e3 Ra5 (26... h5 $15) 27. Qb4 (27. Re2 $11) 27... Rea8 28. Rd1 h5 29. Rf2 Kf7 30. Rg2 Qg4 31. Qd2 Nc5 32. Bxc5 Rxc5 33. Rc1 Qf5 34. Qd4 Rb8 35. Qd1 ({White should play} 35. Rf2 $15) 35... b5 $17 36. cxb5 Rbxb5 37. Rxc5 Rxc5 {[%mdl 4096] Endgame KQR-KQR} 38. Rd2 Qg4 39. Qxg4 hxg4 {KR-KR} 40. Rd4 f5 $1 41. Rxa4 Rxd5 42. Rc4 (42. Ra7 $17) 42... c5 $1 $19 43. b4 cxb4 44. axb4 Rd1+ 45. Kf2 Rd2+ 46. Kf1 {[#]} (46. Ke1 $17 Rxh2 47. Rc7+ Kf6 48. b5) 46... Ke6 $1 (46... Rxh2 47. Rc7+ Ke6 48. Rxg7 $17) 47. b5 Rb2 ({Don't play} 47... Rxh2 48. Rc7 $17) 48. Rc7 {[#]} Kd5 $1 ({Less strong is} 48... Rxh2 49. b6 $15) ({Don't do} 48... Rxb5 49. Rxg7 Rb1+ 50. Kg2) 49. b6 Rxb6 50. Rxg7 $2 (50. Rc2) 50... Kc4 51. Ra7 Rb2 52. Ra4+ Kd3 53. Ra3+ Kd2 54. Kf2 Rc2 55. Rb3 Rc3 56. Rb5 Rxe3 57. Rb2+ Kc3 58. Rb5 Rd3 59. Ke2 d5 60. Rc5+ Kd4 61. Rc8 Rc3 {Black mates.} 62. Rf8 Rc2+ 63. Kd1 Kd3 64. Rxf5 d4 65. Ra5 e3 66. Ra3+ Rc3 67. Ra2 {[#]} e2+ $1 {[%mdl 512]} 68. Rxe2 {[#]} Rc1+ $1 {[%mdl 576] Deflection} 69. Kxc1 Kxe2 70. f5 d3 {Accuracy: White = 32%, Black = 66%.} 0-1

[Event "HUN-chT 2019-20"]
[Site "Budapest"]
[Date "2019.11.17"]
[Round "2.32"]
[White "Torma, Robert"]
[Black "Halasz, Tamas"]
[Result "1-0"]
[WhiteElo "2429"]
[BlackElo "2355"]
[Annotator "ChessBase"]
[PlyCount "89"]
[EventDate "2019.11.16"]
[EventType "team-tourn"]
[EventCountry "HUN"]
[SourceTitle "playchess.com"]
[Source "ChessBase"]
[SourceQuality "1"]

1. d4 f5 2. Nc3 d5 3. Bf4 Nf6 4. e3 g6 5. Nb5 Na6 6. c4 c6 7. Nc3 Bg7 8. Nf3 O-O 9. cxd5 Nxd5 10. Bc4 Kh8 11. Bxd5 cxd5 12. Qb3 e6 13. h4 h6 14. g4 fxg4 15. Ne5 Kh7 16. h5 g5 17. Bg3 Nc7 18. Nxg4 Ne8 19. Qc2+ Rf5 20. O-O-O Kg8 21. Be5 Nd6 22. f4 Nf7 23. Bxg7 Kxg7 24. Ne5 Nxe5 25. dxe5 Qe8 26. Kb1 Bd7 27. Ne2 Rc8 28. Qd2 gxf4 29. e4 dxe4 30. Nxf4 Bc6 31. Rhg1+ Kh7 32. Rg6 Rxe5 33. Qd4 Qh8 34. Nxe6 Rxe6 35. Rxe6 Qxd4 36. Rxd4 Rg8 37. Rdd6 Rg1+ 38. Kc2 Rg2+ 39. Kc3 Rg3+ 40. Kc4 Kg7 41. Rxh6 Be8 42. Kd4 Rg2 43. Rhe6 Bxh5 44. Rd7+ Bf7 45. Ree7 1-0

[Event "HUN-chT 2019-20"]
[Site "Budapest"]
[Date "2019.11.17"]
[Round "2.33"]
[White "Geher, Koppany"]
[Black "Hando, Vilmos"]
[Result "0-1"]
[WhiteElo "2276"]
[BlackElo "2379"]
[Annotator "RC"]
[PlyCount "132"]
[EventDate "2019.11.16"]
[EventType "team-tourn"]
[EventCountry "HUN"]
[SourceTitle "playchess.com"]
[Source "ChessBase"]
[SourceQuality "1"]

1. e4 c6 2. d4 d5 3. e5 c5 4. dxc5 Nc6 5. f4 e6 6. Be3 d4 7. Bf2 Bxc5 8. Nd2 Nh6 9. Qf3 Bd7 10. O-O-O Rc8 11. Ne4 Nb4 12. a3 Qa5 13. Bxd4 Bxd4 14. Rxd4 Nxc2 15. Nd6+ Kf8 16. Rc4 Rxc4 17. Nxc4 Qe1+ 18. Kxc2 Nf5 19. Ne2 Bc6 20. Qd3 Ke7 21. Nd6 Rd8 22. Qc3 Be4+ 23. Kb3 Qd1+ 24. Kb4 a5+ 25. Kxa5 Ra8+ 26. Kb6 Ra6+ 27. Kc7 Rc6+ 28. Kb8 Nxd6 29. Qb4 Kd7 30. exd6 Rc8+ 31. Ka7 Qd5 32. Qb6 Rc6 33. Nc3 Rxb6 34. Nxd5 Rxb2 35. Nc3 Bc6 36. a4 Rb3 37. Nb5 Rb4 38. Kb6 Rxa4 39. Bd3 Rxf4 40. Rc1 Rf2 41. Rc2 Rxg2 42. Rxg2 Bxg2 43. Bxh7 Bc6 44. Bg8 Bxb5 45. Kxb5 f5 46. Kc5 g5 47. h3 b6+ 48. Kd4 Kxd6 49. Bf7 b5 50. Be8 e5+ 51. Ke3 b4 52. Ba4 Ke6 53. Bb3+ Kf6 54. Ba4 Kg6 55. Bd1 Kf6 56. Ba4 g4 57. hxg4 fxg4 58. Bd1 Kf5 59. Bc2+ Kg5 60. Bd1 Kh4 61. Bc2 Kg3 62. Bd1 Kh3 63. Kf2 g3+ 64. Kg1 e4 65. Bc2 e3 66. Bd1 b3 0-1

[Event "HUN-chT 2019-20"]
[Site "Budapest"]
[Date "2019.11.17"]
[Round "2.34"]
[White "Kun, Gabor"]
[Black "Ongut, Tamas Gunes"]
[Result "1-0"]
[WhiteElo "2284"]
[BlackElo "2164"]
[Annotator "TA"]
[PlyCount "77"]
[EventDate "2019.11.16"]
[EventType "team-tourn"]
[EventCountry "HUN"]
[SourceTitle "playchess.com"]
[Source "ChessBase"]
[SourceQuality "1"]

{[%evp 17,81,-18,1,-2,4,0,18,18,15,7,33,39,54,58,122,137,102,96,104,101,106,120,125,124,222,226,330,325,293,272,430,413,411,413,751,733,716,713,962,1151,1138,1149,1141,1123,1104,1083,29992,1806,10022,7764,5697,5014,5202,5090,12833,5585,29962,29963,29972,29975,12831,12795,29973,29974,12835,6020]} 1. f4 Nf6 2. Nf3 g6 3. g3 Bg7 4. Bg2 O-O 5. O-O d5 6. d3 c5 7. Qe1 d4 8. Na3 Nc6 9. c3 Nd5 {[%cal Rd4c3]} 10. Bd2 {A03: Bird's Opening with 1...d5} e5 (10... b6 11. Nc4 Bb7 12. a4 Qc7 13. e4 dxe3 14. Nxe3 Nxe3 15. Bxe3 Rad8 16. Rd1 e6 17. Qe2 Ba6 {½-½ (96) Harika,D (2492)-Sebag,M (2476) chess.com INT 2019}) 11. fxe5 $146 ({Predecessor:} 11. Nxe5 Nxe5 12. fxe5 {1-0 (38) Panbukchian,V (2384)-Simeonov,S (2366) Teteven 2010}) 11... Nxe5 12. Nxe5 {The position is equal.} Bxe5 13. Nc2 Be6 14. c4 Ne7 15. b4 ({Reject} 15. Bxb7 Rb8 $15) 15... Qd7 ({Black should play} 15... cxb4 $1 $14 16. Bxb4 Rb8) 16. bxc5 $16 Bh3 17. Qf2 {And now Bxh3 would win.} Bxg2 18. Qxg2 Nc6 19. Rab1 Rfe8 20. Nb4 Bg7 (20... Nxb4 $16 {was necessary.} 21. Rxb4 b6) 21. Nd5 $18 f5 (21... Re6 $142 22. Bf4 Rc8) 22. Bf4 Rac8 {[#]} 23. Rb5 $1 Kh8 (23... Nd8 $142 24. Rfb1 a6) 24. Rfb1 Nd8 25. Bg5 Nf7 (25... Qc6 $142 26. Bxd8 Rcxd8 27. Rxb7 Rd7) 26. Rxb7 Qe6 27. Bf4 Be5 28. Bxe5+ Nxe5 29. Nc7 Rxc7 30. Rxc7 Ng4 31. Qf3 Qa6 32. Rbb7 (32. Qd5 $142 Qf6 33. Rbb7 Qh4 34. gxh4 Re7 35. Rxe7 Nf6 36. Qd8+ Ng8 37. Rxh7#) 32... Nf6 33. Qc6 Qxc6 34. Rxc6 {[%mdl 4096] Endgame KRR-KRN} Nh5 35. Rcc7 Kg8 36. Re7 {[%cal Re7e8] [#]} Rc8 37. c6 {[%cal Bc5c6,Bc6c7][%mdl 32]} Nf6 38. c7 Kf8 39. Rxh7 {Played: Rb7-b8} 1-0

[Event "HUN-chT 2019-20"]
[Site "Budapest"]
[Date "2019.11.17"]
[Round "2.35"]
[White "Honos, Attila"]
[Black "Fusthy, Zsolt"]
[Result "1/2-1/2"]
[WhiteElo "2199"]
[BlackElo "2263"]
[Annotator "TA"]
[PlyCount "55"]
[EventDate "2019.11.16"]
[EventType "team-tourn"]
[EventCountry "HUN"]
[SourceTitle "playchess.com"]
[Source "ChessBase"]
[SourceQuality "1"]

{[%evp 17,55,10,9,-30,0,7,-1,-4,21,16,16,12,12,12,12,16,28,33,37,34,43,0,65,65,65,64,65,58,63,63,56,56,60,0,56,0,56,0,61,0]} 1. e4 c6 2. d4 d5 3. e5 Bf5 4. Ne2 e6 5. Ng3 Bg6 6. h4 h6 7. h5 Bh7 8. Bd3 Bxd3 9. cxd3 Qb6 10. Qa4 {B12: Caro-Kann: Advance Variation} (10. Ne2 Ne7 11. Nd2 Nd7 12. Rh3 a5 13. g4 Qa6 14. Nf3 a4 15. Kf1 c5 16. dxc5 Nxc5 17. Nfd4 Nc6 18. Nxc6 bxc6 {½-½ (38) Naiditsch,A (2707)-Predojevic,B (2643) Hungary 2012}) 10... Qb4+ $146 ({Predecessor:} 10... Bb4+ 11. Bd2 Na6 12. a3 Bxd2+ 13. Nxd2 Ne7 14. Ne2 f6 15. exf6 gxf6 16. O-O-O O-O-O 17. Rhe1 c5 {0-1 (63) Bojkovic,N (2405)-Kachiani Gersinska,K (2415) Yerevan 1996}) 11. Qxb4 Bxb4+ 12. Bd2 {The position is equal.} Na6 13. Bxb4 Nxb4 14. Kd2 $1 Ne7 15. Nc3 Kd7 16. Raf1 Raf8 17. f4 f5 18. Nge2 Rhg8 19. Rh3 g5 (19... a5 $11) 20. hxg6 $1 $14 Rxg6 21. g3 Na6 22. Rfh1 Rh8 23. Na4 b6 24. Nac3 Nc7 25. Na4 Na6 $1 26. Nac3 Nc7 27. Na4 Na6 $1 28. Nac3 {Accuracy: White = 51%, Black = 50%.} (28. Rh5 $14) 1/2-1/2

[Event "HUN-chT 2019-20"]
[Site "Budapest"]
[Date "2019.11.17"]
[Round "2.36"]
[White "Erdos, Boglarka"]
[Black "Egyed, Judit"]
[Result "1-0"]
[WhiteElo "2139"]
[BlackElo "2080"]
[Annotator "TA"]
[PlyCount "65"]
[EventDate "2019.11.16"]
[EventType "team-tourn"]
[EventCountry "HUN"]
[SourceTitle "playchess.com"]
[Source "ChessBase"]
[SourceQuality "1"]

{[%evp 9,99,7,21,18,6,20,52,27,25,-3,0,0,0,-17,0,0,25,38,41,26,47,34,80,75,74,24,48,44,40,39,43,43,108,45,241,52,48,35,141,93,115,114,119,89,213,166,164,164,158,163,309,311,312,163,157,165,355,325,467,394,383,159,226,-81,212,197,227,184,269,267,331,336,525,516,532,526,614,608,1089,533,904,820,29961,29962,5622,1068,1022,1010,906,906,1306,1140]} 1. b3 d6 2. Bb2 Nd7 3. c4 (3. e4 Ngf6 4. Nc3 g6 5. g4 Bg7 6. Qe2 c6 7. Bg2 Nc5 8. h3 Ne6 9. O-O-O h5 10. g5 Nxg5 {0-1 (39) Rapport,R (2709)-Ivanchuk,V (2731) Jurmala 2015}) 3... Ngf6 4. g3 g6 5. Bg2 Bg7 6. Nf3 {A01: Nimzowitsch-Larsen Opening} O-O 7. O-O c5 8. d3 {White is slightly better.} Rb8 9. a3 b5 10. cxb5 Rxb5 11. b4 a6 12. Bc3 $146 ({Predecessor:} 12. Nbd2 Bb7 13. Nc4 cxb4 14. axb4 Rxb4 {½-½ (43) Vinokur,Y (2147)-Faizutdinova,D (2041) Sochi 2017}) 12... cxb4 13. axb4 Qc7 14. Qd2 e5 15. Na3 Rb8 16. Rfc1 Qd8 17. Rab1 Nd5 18. Ba1 Nc7 19. Nc4 Nb5 20. Na5 Rb6 (20... Qe8 $14) 21. Qe3 (21. Qa2 $16) 21... f5 $2 {[#]} (21... d5 $14) 22. Nd2 $2 (22. Ng5 $1 $18) 22... f4 $14 23. gxf4 Bh6 ({Black should try} 23... exf4 $14 24. Qe6+ Kh8) 24. Qh3 $36 {[%mdl 2048] White is really pushing.} Bxf4 {[#]} 25. Rxc8 $1 {[%mdl 512]} Qxc8 26. Ndc4 {e3 is the strong threat.} Rb8 (26... Kg7 $16) 27. Nc6 {Black must now prevent Ne7+.} Qe8 {intending ...Rc8.} 28. Nxb8 Nxb8 29. Bd5+ Kh8 (29... Kg7 $142 30. e3 Bg5) 30. e3 $18 Bg5 31. Nd2 (31. f4 $142) 31... Nc7 32. Bg2 Qf7 $2 (32... Kg8 33. Rc1 Qe7) 33. f4 {Played: Nd2-e4} 1-0

[Event "HUN-chT 2019-20"]
[Site "Budapest"]
[Date "2019.11.17"]
[Round "2.37"]
[White "Kozul, Zdenko"]
[Black "Lupulescu, Constantin"]
[Result "1/2-1/2"]
[WhiteElo "2593"]
[BlackElo "2657"]
[Annotator "TA"]
[PlyCount "97"]
[EventDate "2019.11.16"]
[EventType "team-tourn"]
[EventCountry "HUN"]
[SourceTitle "playchess.com"]
[Source "ChessBase"]
[SourceQuality "1"]

{[%evp 9,97,0,16,24,16,26,23,22,26,0,0,0,0,0,0,0,0,0,5,6,0,-5,0,0,0,0,0,0,0,0,6,0,0,0,5,0,6,0,0,0,10,0,0,0,0,0,0,0,0,0,0,0,0,0,0,0,0,0,0,0,0,0,0,0,0,0,0,0,5,0,4,5,5,0,8,8,8,0,0,0,0,0,0,0,34,22,81,84,89,0]} 1. d4 d5 2. c4 e6 3. Nf3 Nf6 4. g3 Bb4+ 5. Bd2 Bd6 (5... Be7 6. Bg2 O-O 7. O-O Nbd7 8. a4 a5 9. Qc2 c6 10. Na3 Ne4 11. Bf4 g5 12. Be3 f5 13. Rad1 Qe8 14. Qc1 h6 15. Ne5 Kh7 {½-½ (104) Nakamura,H (2743)-Karjakin,S (2750) Saint Louis 2019}) 6. Bg2 {E01: Catalan: Early deviations} c6 7. Qb3 O-O 8. O-O {White has an edge.} Nbd7 9. Rc1 dxc4 10. Qxc4 e5 11. dxe5 $146 ({Predecessor:} 11. Nc3 exd4 12. Qxd4 Bc5 {1-0 (64) Warmerdam,M (2424)-Mitsis,G (2350) Rio Achaea 2018}) 11... Nxe5 12. Nxe5 Bxe5 13. Bc3 Be6 14. Qb4 Bxc3 15. Nxc3 Qb6 16. Qxb6 axb6 17. a4 Rfd8 18. b4 Nd5 19. Bxd5 Bxd5 20. f3 Kf8 21. Kf2 Ke7 22. g4 Be6 23. Ke3 h6 24. h4 f6 25. a5 bxa5 26. bxa5 Ra7 27. Rab1 Bc8 28. Ra1 Be6 29. h5 Rda8 30. Rab1 Rb8 31. Ne4 Rxa5 {[#]} 32. Rxc6 $1 {[%mdl 512]} bxc6 33. Rxb8 $11 {[%mdl 4096] Endgame KRB-KRN} f5 34. Rb7+ Bd7 35. gxf5 Rxf5 36. Ng3 Ra5 37. Kf4 Kd8 38. e4 Kc8 39. Rb1 Rg5 40. Rg1 Be8 41. Ra1 {With the idea Ra8+.} Kb8 42. Nf5 Bd7 43. Rh1 Bxf5 44. exf5 {KR-KR} Kc7 45. Ke5 Rg3 46. Rf1 Kd7 47. Ra1 Ke7 (47... Kc7 $1 $11 {keeps the balance.}) 48. Ra7+ $16 Kf8 49. Ke4 {Accuracy: White = 65%, Black = 79%.} (49. Ke6 $16 {[%cal Ra7a8]} Kg8 50. f6 gxf6 51. f4 (51. Kxf6 Rxf3+ 52. Kg6 Rg3+ 53. Kxh6 c5 $11)) 1/2-1/2

[Event "HUN-chT 2019-20"]
[Site "Budapest"]
[Date "2019.11.17"]
[Round "2.38"]
[White "Parligras, Mircea-Emilian"]
[Black "Hracek, Zbynek"]
[Result "1/2-1/2"]
[WhiteElo "2607"]
[BlackElo "2559"]
[Annotator "TA"]
[PlyCount "61"]
[EventDate "2019.11.16"]
[EventType "team-tourn"]
[EventCountry "HUN"]
[SourceTitle "playchess.com"]
[Source "ChessBase"]
[SourceQuality "1"]

{[%evp 13,61,27,25,22,21,20,20,22,55,20,19,18,19,14,19,25,26,12,0,1,16,0,0,-24,-23,-27,-33,-31,-31,-5,0,0,0,0,0,0,0,0,0,0,0,0,0,0,0,0,0,0,0,0]} 1. d4 Nf6 2. c4 e6 3. Nf3 d5 4. Nc3 c5 5. cxd5 cxd4 6. Qxd4 exd5 7. e4 Nc6 8. Bb5 {[%cal Re4d5] D41: Queen's Gambit Declined: Semi-Tarrasch with 5 cxd5} dxe4 9. Qxd8+ Kxd8 10. Ng5 {[%mdl 64] [#] Double Attack} Be6 11. Nxe6+ (11. O-O {is interesting.} h6 12. Ngxe4 Nxe4 13. Nxe4 Ke8 14. Be3) 11... fxe6 12. Bxc6 bxc6 13. Bd2 (13. Ke2 Bb4 14. Na4 Ke7 15. Rd1 Rhd8 16. Rxd8 Rxd8 {1-0 (61) Grischuk,A (2772)-So,W (2754) Moscow 2019}) 13... Bc5 {[#]} 14. Rc1 $146 ({Predecessor:} 14. Ke2 Ke7 {1-0 (82) Esipenko,A (2571)-Saduakassova,D (2470) Caleta 2018}) 14... Ke7 15. Ke2 Bd4 16. Na4 c5 17. Nxc5 Bxb2 18. Rb1 Rab8 19. Bg5 Rhc8 20. Nxe4 h6 21. Nxf6 {[#] Strongly threatening Nd5+.} Bxf6 {The position is equal.} 22. Bxf6+ Kxf6 $15 {[%mdl 4096] Endgame KRR-KRR} 23. Kd3 Rd8+ 24. Ke3 Rb6 25. Rxb6 axb6 $11 {KR-KR} 26. Rb1 Ra8 27. Rxb6 Rxa2 28. g3 h5 29. h4 g6 30. Rb5 e5 31. Kf3 {Accuracy: White = 70%, Black = 96%.} 1/2-1/2

[Event "HUN-chT 2019-20"]
[Site "Budapest"]
[Date "2019.11.17"]
[Round "2.39"]
[White "Hera, Imre Jr."]
[Black "Sedlak, Nikola"]
[Result "1/2-1/2"]
[WhiteElo "2614"]
[BlackElo "2557"]
[Annotator "TA"]
[PlyCount "118"]
[EventDate "2019.11.16"]
[EventType "team-tourn"]
[EventCountry "HUN"]
[SourceTitle "playchess.com"]
[Source "ChessBase"]
[SourceQuality "1"]

{[%evp 17,118,4,8,0,0,0,0,0,6,8,19,22,19,-39,-33,-54,-52,-46,-48,-44,0,0,0,0,0,0,0,0,0,0,16,0,22,23,40,16,31,32,38,52,86,66,172,66,94,92,97,96,90,98,89,85,92,92,92,86,77,88,108,62,99,0,117,42,50,16,17,8,10,11,18,0,0,0,0,0,0,0,0,0,0,0,0,0,0,0,184,0,0,0,0,0,0,0,0,0,0,0,0,0,0,0,0]} 1. Nf3 Nf6 2. g3 g6 3. b3 Bg7 4. Bb2 O-O 5. Bg2 c5 6. c4 d6 7. O-O e5 8. Nc3 Nc6 9. d3 Ne8 10. a3 {A38: Symmetrical English vs ...g6: 4 Bg2 Bg7 5 Nf3 Nf6} Nc7 11. Nd2 a5 12. e3 Rb8 13. Qc2 (13. Nd5 b5 14. Qc2 Be6 15. Rae1 f5 16. f4 bxc4 17. dxc4 e4 18. Bxg7 Kxg7 {½-½ (70) Artemiev,V (2709)-Carlsen,M (2835) St Petersburg 2018}) 13... Bd7 14. Nd5 $146 ({Predecessor:} 14. Nde4 Be6 15. f4 h6 16. fxe5 Bxe5 17. Nb5 f5 18. Bxe5 Nxe5 19. Nexd6 Nxb5 20. Nxb5 Qxd3 21. Qxd3 Nxd3 {½-½ (39) Gajek,R (2446)-Agopov,M (2449) Germany 2019}) 14... b5 15. f4 (15. Ne4 $11) 15... bxc4 $15 16. Nxc4 Nxd5 17. Bxd5 Ne7 18. Bg2 {[%cal Rf4e5]} Bc6 19. fxe5 Bxg2 20. Kxg2 dxe5 21. Rab1 Nc6 22. e4 h5 23. Ne3 Rc8 24. Nd5 Ne7 (24... Kh7 {looks sharper.} 25. Rf2 f5 26. Rbf1 Nd4 27. Qc4 h4) 25. Nxe7+ Qxe7 26. a4 h4 27. Rf3 Qe6 28. gxh4 Bh6 29. Kh1 Qg4 ({Better is} 29... Bf4 $14) 30. Qg2 ({White should try} 30. Rbf1 $18) 30... Qh5 31. Rf5 {[%mdl 64] Double Attack} Qxh4 32. Bxe5 Bg7 33. Bxg7 Kxg7 34. Rbf1 Rcd8 35. R5f3 Qe7 36. Qb2+ Rd4 37. Qc3 Qc7 38. Rc1 {And now Qxd4+! would win.} Rc8 39. Rcf1 Rf8 $1 40. Rg3 (40. Kg2 $16) 40... Rh8 $14 41. Kg2 Rh5 $1 42. Qd2 Qe5 43. Qf2 ({Reject} 43. Qxa5 Rxd3 44. Qe1 (44. Rxd3 {gets mated.} Qxh2+ 45. Kf3 Rh3+ 46. Kg4 Qg2+ {[%mdl 64] Double Attack} 47. Kf4 Rxd3 48. Qc3+ Rxc3 49. Rg1 Qh2+ 50. Kg5 Qxg1+ 51. Kh4 Qg3#) 44... Rxb3 $1 $17 {[%mdl 512]}) 43... f6 {Black wants to play ...Rxd3!} 44. Kh1 Rd8 45. Qg1 Rg5 46. Rxg5 Qxg5 47. Qxg5 fxg5 $11 {[%mdl 4096] Endgame KR-KR} 48. Rc1 Rxd3 49. Rxc5 Rxb3 50. Rxa5 {Hoping for Ra7+.} Re3 51. e5 {Threatens to win with Ra8.} ({Don't do} 51. Rxg5 Rxe4 52. a5 Kf6 $16) 51... Kf7 $2 {[#]} (51... g4 $11 {and Black stays safe.}) 52. Rb5 $2 (52. Ra8 $1 $18) 52... Ke6 {The position is equal.} 53. Kg2 Ra3 54. a5 g4 55. Rc5 Kf5 56. Rd5 Ra2+ 57. Kg3 Ra3+ 58. Kf2 Ra2+ 59. Kg3 Ra3+ {Accuracy: White = 46%, Black = 62%.} 1/2-1/2

[Event "HUN-chT 2019-20"]
[Site "Budapest"]
[Date "2019.11.17"]
[Round "2.40"]
[White "Acs, Peter"]
[Black "Nemeth, Miklos"]
[Result "0-1"]
[WhiteElo "2589"]
[BlackElo "2487"]
[Annotator "TA"]
[PlyCount "178"]
[EventDate "2019.11.16"]
[EventType "team-tourn"]
[EventCountry "HUN"]
[SourceTitle "playchess.com"]
[Source "ChessBase"]
[SourceQuality "1"]

{[%evp 15,178,14,21,7,14,9,10,2,7,8,9,8,9,15,34,33,32,34,39,35,37,33,34,37,44,26,62,20,31,1,1,1,44,36,47,29,40,54,75,58,50,46,66,41,68,58,43,34,31,4,38,0,43,-30,-28,-25,-38,-35,-16,-17,-11,-18,-8,-136,-137,-120,-129,-135,-141,-118,-69,-211,-191,-339,-311,-474,-448,-448,-448,-445,-473,-664,-664,-664,-664,-664,-649,-647,-633,-628,-595,-679,-670,-29960,-29962,-29967,-29969,-29970,-29970,-29970,-29963,-29964,-29965,-29965,-29967,-29967,-29967,-29966,-29967,-29967,-29966,-29966,-29966,-29965,-29966,-29967,-29966,-29967,-29968,-29967,-29966,-29966,-29965,-29965,-29964,-29964,-29965,-29965,-29966,-29965,-29966,-29966,-29964,-29967,-29961,-29959,-29959,-29969,-29970,-29969,-29971,-29971,-29972,-29972,-29973,-29973,-29974,-29973,-29975,-29975,-29976,-29976,-29977,-29977,-29977,-29980,-29981,-29981,-29982,-29982,-29983,-29983,-29980,-29980,-29975]} 1. e4 e5 2. Nf3 Nc6 3. Bb5 a6 4. Ba4 Nf6 5. O-O b5 6. Bb3 Be7 7. a4 b4 8. d3 d6 9. Nbd2 {C84: Closed Ruy Lopez: Unusual White 6th moves} Na5 10. Ba2 O-O 11. Nc4 {The position is equal.} Nxc4 $146 ({Predecessor:} 11... c5 12. c3 Nc6 13. Bg5 Rb8 14. Ne3 Be6 15. Bc4 Bxc4 16. Nxc4 {1-0 (52) Tari,A (2584)-Dubov,D (2660) Doha 2016}) 12. Bxc4 a5 13. Re1 Bb7 14. c3 bxc3 15. bxc3 c6 16. Rb1 Rb8 17. Ba3 Qc7 18. d4 h6 19. Qc2 Ba8 20. Rbd1 Rfd8 21. Ba2 Bf8 22. Nh4 c5 23. d5 Bb7 24. Bc4 Bc8 25. Nf5 Bxf5 26. exf5 e4 27. Bb5 Qc8 $1 28. c4 Qxf5 29. Bb2 Rb7 30. Bc3 {[%mdl 1024] White has compensation.} Ra7 31. Qd2 Ng4 32. h3 ({But not} 32. Bxa5 Rxa5 33. h3 Qxf2+ $1 {[%mdl 512]} 34. Qxf2 Nxf2 $17) 32... Ne5 33. Re3 Qg6 {Black wants to play ...Nf3+.} 34. Kf1 ({White should try} 34. Rg3 $14 Qh5 35. Re1) 34... f5 $11 {Threatens to win with ...f4.} 35. Bxa5 Rb8 36. Rg3 Qf7 {...f4 is the strong threat.} 37. Bc3 {And now Bxe5 would win.} f4 $36 {[%mdl 2048] Black has some pressure.} 38. Bxe5 $1 e3 39. Qe2 (39. Qc2 $11 {keeps the balance.} fxg3 40. Bxg3) 39... dxe5 $17 ({Of course not} 39... fxg3 $6 40. Bxg3 exf2 41. Qe6 $11) 40. Rg4 Qf5 $1 41. fxe3 h5 $1 42. Rh4 g6 {White must now prevent ...Be7.} 43. d6 (43. exf4 $15 Rf7 44. d6) 43... Rd8 $19 44. exf4 (44. d7 {might work better.} Be7 45. Qf2 (45. e4 $2 Qg5 $19)) 44... Rxd6 45. g3 (45. Be8 $142) 45... Rxd1+ 46. Qxd1 Be7 47. Qd5+ Kg7 48. Qxe5+ (48. Rxh5 $142 gxh5 49. Qxe5+ Qxe5 50. fxe5) 48... Qxe5 49. fxe5 {aiming for Rf4.} Bxh4 50. gxh4 {[%mdl 4096] Endgame KR-KB} Kf7 51. Ke2 Ke6 52. Be8 Kxe5 53. Bxg6 Rxa4 54. Bxh5 Rxc4 {Black mates.} 55. Bg4 {[#]} Rd4 $1 56. h5 Rd6 57. h6 Rxh6 58. Kd3 Rb6 59. Kc4 Kd6 60. Kc3 Rb4 61. Be2 Re4 62. Bg4 Rf4 63. Bc8 Kc6 64. Be6 Rf6 65. Bc8 Rf3+ 66. Kc4 Rf1 67. Kc3 Kb6 68. Bg4 Ka5 69. Be6 Rc1+ 70. Kd2 Rb1 71. Kc3 Kb6 72. Bg4 Re1 73. Bf5 Kc6 74. Bg4 Kd5 75. Bf3+ Ke5 76. Bg4 Rc1+ 77. Kd2 Rf1 78. Ke2 Rf4 79. Kd3 c4+ 80. Kc3 Kd5 81. Be2 {[#]} Kc5 $1 82. Bd1 Re4 83. Bg4 Re3+ 84. Kc2 Rg3 85. Bf5 Kd4 86. Bg4 Rg2+ 87. Kd1 Kc3 88. Be6 Rd2+ 89. Ke1 Rd4 {Accuracy: White = 47%, Black = 69%.} 0-1